000 00947cab a2200265 4500
001 ABS54493
008 090401t1996 xxu||||| |||| 00| 0 eng d
035 _a(Sirsi) u10786
041 _aeng
100 _aGann, D.
245 _aFlexibility in building use: the technical feasibility of converting redundant offices into flats
260 _c1996
350 _a0
490 _aConstruction Management & Economics
_v14(1) January 1996, 55-66(12)
520 _aExamines the range of issues that project managers need to consider for the successful outcome of converting offices into flats. Considers the general trend in the market, how it might meet housing need, and technical and policy issues.
650 _aALTERNATIVE USES
650 _aCONVERSION
650 _aFLATS
650 _aOFFICES
650 _aRESIDENTIAL USE
690 _aPROPERTY-COMMERCIAL PROPERTY
700 _aBarlow, J.
942 _n0
948 _c04/03/1997
999 _c6859
_d6859